| 000 | 00420nam a2200157Ia 4500 | ||
|---|---|---|---|
| 003 | GCL | ||
| 008 | 140319s9999 xx 000 0 ara d | ||
| 040 |
_aGCL / _cGCL |
||
| 082 | 0 | 4 |
_aد _b050 |
| 100 | 1 | _aمحمود بن شريف | |
| 245 | 1 | 0 |
_aالحب فى القران(اقرا 469) / _cمحمود بن شريف |
| 300 | _a128ص | ||
| 490 |
_aاقرأ _v0 |
||
| 650 | 0 | 4 | _aالحب فى القران |
| 942 |
_2ddc _cBK |
||
| 999 |
_c48727 _d48727 |
||